000 00494 a2200181 4500
999 _c32194
_d32194
003 OSt
005 20260319142841.0
008 260319b ||||| |||| 00| 0 eng d
020 _a9780521646291
040 _c.
082 _a910.92
_bS9416
100 _96723
_aSubrahmanyam, Sanjay
245 _aThe Career and Legend of Vasco Da Gama /
_cSanjay Subrahmanyam
260 _bCambridge University Press,
_aNew York :
_c1997.
300 _a400 p.
650 0 _9338
_aBiography
942 _2ddc
_cBK